Ολιστική προσέγγιση του ιλίγγου : μεταπτυχιακή διατριβή

Στην παρούσα εργασία γίνεται μια προσπάθεια προσέγγισης του ιλίγγου μέσα από διαφορετικές επιστημονικές οπτικές γωνίες, ούτως ώστε να προκύψει μία κατά το δυνατόν ολιστική προσέγγιση του μείζονος αυτού προβλήματος, που αφορά μεγάλο ποσοστό του πληθυσμού. Γίνεται αναφορά στη συστημική επιστημολογική...

Πλήρης περιγραφή

Αποθηκεύτηκε σε:
Λεπτομέρειες βιβλιογραφικής εγγραφής
Κύριος συγγραφέας: Πάπιτση, Ισιδώρα
Συγγραφή απο Οργανισμό/Αρχή: Πανεπιστήμιο Αιγαίου. Τμήμα Μηχανικών Σχεδίασης Προϊόντων και Συστημάτων. Μεταπτυχιακό Πρόγραμμα Σπουδών στα Ολιστικά Εναλλακτικά Θεραπευτικά Συστήματα - Κλασική Ομοιοπαθητική
Άλλοι συγγραφείς: Χαριτάκης, Γεώργιος Εμμ (Εισηγητής διατριβής)
Μορφή: Thesis Βιβλίο
Γλώσσα:Greek
Δημοσίευση: 2014
Θέματα:
Διαθέσιμο Online:http://hdl.handle.net/11610/12711
Ετικέτες: Προσθήκη ετικέτας
Δεν υπάρχουν, Καταχωρήστε ετικέτα πρώτοι!

MARC

LEADER 00000cam a2200000 i 4500
001 1/47364
008 140515s2014 gre d
035 |l 10117643 
040 |a GR-MY-UA  |b gre  |e aacr 
041 0 |a gre 
082 0 |a 616.841  |2 (22) 
100 1 |a Πάπιτση, Ισιδώρα. 
245 1 0 |a Ολιστική προσέγγιση του ιλίγγου :  |b μεταπτυχιακή διατριβή /  |c Πάπιτση Ισιδώρα ; επιβλέπων καθηγητής Γεώργιος Χαριτάκης 
260 |c 2014 
300 |a 191 φύλλα;  |c 30 εκ. 
500 |a Διάθεση πλήρους κειμένου περιορισμένης πρόσβασης (μόνο σε μέλη του Παν. Αιγαίου), με κλειδωμένη τη δυνατότητα αντιγραφής του κειμένου 
502 |a Διατριβή (μεταπτυχιακή) – Πανεπιστήμιο Αιγαίου, Σύρος, 2014. 
504 |a Βιβλιογραφία: σ. 182-188 
520 |a Στην παρούσα εργασία γίνεται μια προσπάθεια προσέγγισης του ιλίγγου μέσα από διαφορετικές επιστημονικές οπτικές γωνίες, ούτως ώστε να προκύψει μία κατά το δυνατόν ολιστική προσέγγιση του μείζονος αυτού προβλήματος, που αφορά μεγάλο ποσοστό του πληθυσμού. Γίνεται αναφορά στη συστημική επιστημολογική σκέψη και θεωρία και στις βασικές αρχές της ομοιοπαθητικής ως θεραπευτικής μεθόδου. Στη συνέχεια, παρουσιάζεται ο ίλιγγος μέσα από τη σκοπιά της κλασική ιατρικής, γίνεται διάκριση του ιλίγγου σε κεντρικής ή περιφερικής αιτιολογίας και μελετώνται οι πλέον σημαντικές νοσολογικές οντότητες που προκαλούν ίλιγγο, καθώς και οι εναλλακτικές μέθοδοι θεραπείας, μέσα από τα επτά στάδια της μεθοδολογίας μαλακών συστημάτων. 
650 0 0 |a Vertigo  |x Homeopathic treatment. 
650 0 0 |a Dissertations, Academic  |z Greece. 
700 1 |4 ths  |a Χαριτάκης, Γεώργιος Εμμ. 
710 2 |a Πανεπιστήμιο Αιγαίου.   |b Τμήμα Μηχανικών Σχεδίασης Προϊόντων και Συστημάτων.   |b Μεταπτυχιακό Πρόγραμμα Σπουδών στα Ολιστικά Εναλλακτικά Θεραπευτικά Συστήματα - Κλασική Ομοιοπαθητική. 
852 |a INST  |b SYROS  |c DIATR  |e 20140515  |h 616.841 ΠΑΠ  |p 005500011411  |q 005500011411  |t MTXE  |y 23 
852 |a INST  |b SYROS  |c DIATR  |e 20140515  |h 616.841 ΠΑΠ  |p 005500011412  |q 005500011412  |t MTXE  |y 23 
856 |u http://hdl.handle.net/11610/12711 
901 |a BIBL5-2012-1 
909 |a Ε  |b 186863 
909 |a Ε  |b 186864 
924 |a ΠΑΠΙΤΣΗ  |b ΙΣΙΔΩΡΑ  |y ΣΥΡΟΣ  |z 2014-02 
970 |a ΚΟΝΤΟΥ  |b ΠΑΡΑΣΚΕΥΗ  |z 2014/05/15